Ultimate Oscar Quiz - Extreme Difficulty - Statistics

General Stats
  • This quiz has been taken 20 times
  • The average score is 511 of 698
Answer Stats
Best Picture Answers % Correct
2013 Best Picture 12 Years a Slave
100%
2001 Best Director Movie | 2001 Best Picture A Beautiful Mind
100%
2002 Best Actor | 2024 Best Actor Adrien Brody
100%
1957 Best Actor Alec Guinness
100%
1992 Best Actor Al Pacino
100%
1999 Best Actor Movie | 1999 Best Director Movie | 1999 Best Picture American Beauty
100%
1977 Best Actress Movie | 1977 Best Director Movie | 1977 Best Picture Annie Hall
100%
2024 Best Actress Movie | 2024 Best Director Movie | 2024 Best Picture Anora
100%
1991 Best Actor | 2020 Best Actor Anthony Hopkins
100%
2012 Best Picture Argo
100%
1974 Best Actor Art Carney
100%
1997 Best Actor Movie | 1997 Best Actress Movie As Good as it Gets
100%
1968 Best Actress 2 Barbra Streisand
100%
1959 Best Actor Movie | 1959 Best Director Movie | 1959 Best Picture Ben-Hur
100%
1982 Best Actor Ben Kingsley
100%
1945 Best Director | 1960 Best Director Billy Wilder
100%
2014 Best Director Movie | 2014 Best Picture Birdman or (The Unexpected Virtue of Ignorance)
100%
2018 Best Actor Movie Bohemian Rhapsody
100%
1999 Best Actress Movie Boys Don't Cry
100%
1995 Best Director Movie | 1995 Best Picture Braveheart
100%
2015 Best Actress Brie Larson
100%
1960 Best Actor Burt Lancaster
100%
2016 Best Actor Casey Affleck
100%
2013 Best Actress Cate Blanchett
100%
1959 Best Actor Charlton Heston
100%
1987 Best Actress Cher
100%
2002 Best Picture Chicago
100%
2023 Best Director Christopher Nolan
100%
2023 Best Actor Cillian Murphy
100%
1992 Best Director | 2004 Best Director Clint Eastwood
100%
2021 Best PIcture Coda
100%
2010 Best Actor Colin Firth
100%
2009 Best Actor Movie Crazy Heart
100%
2013 Best Actor Movie Dallas Buyers Club
100%
1990 Best Picture Dances With Wolves
100%
1990 Best Director Movie Dances with Wolves
100%
1989 Best Actor | 2007 Best Actor | 2012 Best Actor Daniel Day-Lewis
100%
2008 Best Director Danny Boyle
100%
2017 Best Actor Movie Darkest Hour
100%
1995 Best Actress Movie Dead Man Walking
100%
2001 Best Actor Denzel Washington
100%
1977 Best Actress Diane Keaton
100%
1989 Best Actress Movie | 1989 Best Picture Driving Miss Daisy
100%
1979 Best Actor | 1988 Best Actor Dustin Hoffman
100%
1960 Best Actress | 1966 Best Actress Elizabeth Taylor
100%
1974 Best Actress Ellen Burstyn
100%
2016 Best Actress | 2023 Best Actress Emma Stone
100%
2000 Best Actress Movie Erin Brockovich
100%
2008 Best Director 2 Ethan Coen
100%
1996 Best Actress Movie Fargo
100%
1976 Best Actress Faye Dunaway
100%
1994 Best Actor Movie | 1994 Best Director Movie | 1994 Best Picture Forrest Gump
100%
1996 Best Actress | 2017 Best Actress | 2020 Best Actress Frances McDormand
100%
1974 Best Director Francis Ford Coppola
100%
1968 Best Actress 2 Movie Funny Girl
100%
1982 Best Actor Movie | 1982 Best Director Movie | 1982 Best Picture Gandhi
100%
2017 Best Actor Gary Oldman
100%
1971 Best Actor Gene Hackman
100%
1996 Best Actor Geoffrey Rush
100%
1970 Best Actor George C. Scott
100%
2000 Best Actor Movie | 2000 Best Picture Gladiator
100%
1954 Best Actress Grace Kelly
100%
2013 Best Director Movie Gravity
100%
2018 Best PIcture Green Book
100%
1962 Best Actor Gregory Peck
100%
2025 Best Actress Movie Hamnet
100%
1997 Best Actress Helen Hunt
100%
2006 Best Actress Helen Mirren
100%
1981 Best Actor Henry Fonda
100%
1999 Best Actress | 2004 Best Actress Hilary Swank
100%
1967 Best Actor Movie | 1967 Best Picture In the Heat of the Night
100%
1975 Best Actor | 1997 Best Actor Jack Nicholson
100%
1997 Best Director James Cameron
100%
2004 Best Actor Jamie Foxx
100%
1971 Best Actress | 1978 Best Actress Jane Fonda
100%
2011 Best Actor Jean Dujardin
100%
2009 Best Actor Jeff Bridges
100%
2012 Best Actress Jennifer Lawrence
100%
1990 Best Actor Jeremy Irons
100%
2021 Best Actress Jessica Chastain
100%
1994 Best Actress Jessica Lange
100%
1989 Best Actress Jessica Tandy
100%
1988 Best Actress | 1991 Best Actress Jodie Foster
100%
2007 Best Director Joel Coen
100%
1969 Best Actor John Wayne
100%
1978 Best Actor Jon Voight
100%
2019 Best Actress Movie Judy
100%
2000 Best Actress Julia Roberts
100%
1964 Best Actress Julie Andrews
100%
2008 Best Actress Kate Winslet
100%
1981 Best Actress Katharine Hepburn
100%
2009 Best Director Kathryn Bigelow
100%
1990 Best Director Kevin Costner
100%
1999 Best Actor Kevin Spacey
100%
1979 Best Actor Movie | 1979 Best Picture Kramer vs Kramer
100%
1979 Best Director Movie Kramer vs. Kramer
100%
2015 Best Actor Leonardo DiCaprio
100%
1998 Best Actor Movie Life is Beautiful
100%
2012 Best Actor Movie Lincoln
100%
1972 Best Actress Liza Minnelli
100%
2016 Best Actor Movie Manchester by the Sea
100%
2007 Best Actress Marion Cotillard
100%
1986 Best Actress Marlee Matlin
100%
1954 Best Actor | 1972 Best Actor Marlon Brando
100%
2006 Best Director Martin Scorsese
100%
2013 Best Actor Matthew McConaughey
100%
1995 Best Director Mel Gibson
100%
1982 Best Actress | 2011 Best Actress Meryl Streep
100%
1987 Best Actor Michael Douglas
100%
1969 Best Director Movie | 1969 Best Picture Midnight Cowboy
100%
2008 Best Actor Movie Milk
100%
2004 Best Actress Movie | 2004 Best Director Movie | 2004 Best Picture Million Dollar Baby
100%
1975 Best Director | 1984 Best Director Miloš Forman
100%
2016 Best Picture Moonlight
100%
1989 Best Actor Movie My Left Foot
100%
2003 Best Actor Movie Mystic River
100%
1976 Best Actor Movie | 1976 Best Actress Movie Network
100%
2002 Best Actress Nicole Kidman
100%
2007 Best Director Movie | 2007 Best Picture No Country for Old Men
100%
2020 Best Actress Movie | 2020 Best Director Movie | 2020 Best PIcture Nomadland
100%
1968 Best Director Movie | 1968 Best Picture Oliver!
100%
2018 Best Actress Olivia Colman
100%
1975 Best Actor Movie | 1975 Best Actress Movie | 1975 Best Director Movie | 1975 Best Picture One Flew Over the Cuckoo's Nest
100%
1981 Best Actor Movie | 1981 Best Actress Movie On Golden Pond
100%
1954 Best Actor Movie | 1954 Best Director Movie | 1954 Best Picture On the Waterfront
100%
2023 Best Actor Movie | 2023 Best Director Movie | 2023 Best PIcture Oppenheimer
100%
1985 Best Director Movie | 1985 Best Picture Out of Africa
100%
2019 Best Director Movie | 2019 Best PIcture Parasite
100%
1970 Best Actor Movie | 1970 Best Director Movie | 1970 Best Picture Patton
100%
1986 Best Actor Paul Newman
100%
1976 Best Actor Peter Finch
100%
2003 Best Director Peter Jackson
100%
1993 Best Actor Movie Philadelphia
100%
1986 Best Director Movie | 1986 Best Picture Platoon
100%
1988 Best Actor Movie | 1988 Best Director Movie | 1988 Best Picture Rain Man
100%
2018 Best Actor Rami Malek
100%
2004 Best Actor Movie Ray
100%
1981 Best Director Movie Reds
100%
2005 Best Actress Reese Witherspoon
100%
1980 Best Actor Robert De Niro
100%
1983 Best Actor Robert Duvall
100%
1980 Best Director Robert Redford
100%
1994 Best Director Robert Zemekis
100%
1976 Best Director Movie | 1976 Best Picture Rocky
100%
1967 Best Actor Rod Steiger
100%
2018 Best Director Movie Roma
100%
2002 Best Director Roman Polanski
100%
2015 Best Actress Movie Room
100%
2000 Best Actor Russell Crowe
100%
1979 Best Actress | 1984 Best Actress Sally Field
100%
2009 Best Actress Sandra Bullock
100%
1998 Best Director Movie Saving Private Ryan
100%
1992 Best Actor Movie Scent of a Woman
100%
1993 Best Director Movie | 1993 Best Picture Schindler's List
100%
2003 Best Actor | 2008 Best Actor Sean Penn
100%
1998 Best Actress Movie | 1998 Best Picture Shakespeare in Love
100%
1963 Best Actor Sidney Poitier
100%
2012 Best Actress Movie Silver Linings Playbook
100%
1980 Best Actress Sissy Spacek
100%
2008 Best Director Movie | 2008 Best Picture Slumdog Millionaire
100%
1961 Best Actress Sophia Loren
100%
1993 Best Director | 1998 Best Director Steven Spielberg
100%
1995 Best Actress Susan Sarandon
100%
2011 Best Actor Movie | 2011 Best Director Movie | 2011 Best Picture The Artist
100%
2009 Best Actress Movie The Blind Side
100%
2024 Best Actor Movie The Brutalist
100%
1978 Best Director Movie | 1978 Best Picture The Deer Hunter
100%
2006 Best Director Movie | 2006 Best Picture The Departed
100%
2021 Best Actress Movie The Eyes of Tammy Faye
100%
2020 Best Actor Movie The Father
100%
2018 Best Actress Movie The Favourite
100%
1971 Best Actor Movie | 1971 Best Director Movie | 1971 Best Picture The French Connection
100%
1972 Best Actor Movie | 1972 Best Picture The Godfather
100%
1974 Best Director Movie | 1974 Best Picture The Godfather Part II
100%
1967 Best Director Movie The Graduate
100%
2009 Best Director Movie | 2009 Best Picture The Hurt Locker
100%
2011 Best Actress Movie The Iron Lady
100%
2010 Best Actor Movie | 2010 Best Director Movie | 2010 Best Picture The King's Speech
100%
2003 Best Director Movie | 2003 Best Picture The Lord of the Rings: The Return of the King
100%
2002 Best Actor Movie | 2002 Best Director Movie The Pianist
100%
1993 Best Actress Movie The Piano
100%
2006 Best Actress Movie The Queen
100%
2015 Best Actor Movie | 2015 Best Director Movie The Revenant
100%
2007 Best Actor Movie There Will Be Blood
100%
2017 Best Director Movie | 2017 Best PIcture The Shape of Water
100%
1991 Best Actor Movie | 1991 Best Actress Movie | 1991 Best Director Movie | 1991 Best Picture The Silence of the Lambs
100%
1965 Best Director Movie | 1965 Best Picture The Sound of Music
100%
1973 Best Director Movie | 1973 Best Picture The Sting
100%
2017 Best Actress Movie Three Billboards Outside Ebbing, Missouri
100%
1997 Best Director Movie | 1997 Best Picture Titanic
100%
1962 Best Actor Movie To Kill a Mockingbird
100%
1993 Best Actor | 1994 Best Actor Tom Hanks
100%
2001 Best Actor Movie Training Day
100%
1992 Best Director Movie | 1992 Best Picture Unforgiven
100%
2005 Best Actress Movie Walk the Line
100%
1987 Best Actor Movie Wall Street
100%
1981 Best Director Warren Beatty
100%
1961 Best Director Movie | 1961 Best Picture West Side Story
100%
1966 Best Actress Movie Who's Afraid of Virginia Woolf?
100%
1977 Best Director Woody Allen
100%
1947 Best Actor Movie A Double Life
67%
2014 Best Director | 2015 Best Director Alejandro González Iñárritu
67%
2013 Best Director | 2018 Best Director Alfonso Cuarón
67%
1974 Best Actress Movie Alice Doesn't Live Here Anymore
67%
1950 Best Director Movie | 1950 Best Picture All About Eve
67%
1930 Best Director Movie | 1930 Best Picture All Quiet on the Western Front
67%
1984 Best Actor Movie | 1984 Best Director Movie | 1984 Best Picture Amadeus
67%
1966 Best Actor Movie | 1966 Best Director Movie | 1966 Best Picture A Man for All Seasons
67%
2005 Best Director | 2012 Best Director Ang Lee
67%
1955 Best Actress Anna Magnani
67%
1962 Best Actress Anne Bancroft
67%
1996 Best Director Anthony Minghella
67%
1951 Best Actress Movie A Streetcar Named Desire
67%
1973 Best Actress Movie A Touch of Class
67%
1953 Best Actress Audrey Hepburn
67%
1988 Best Director Barry Levinson
67%
1987 Best Director Bernardo Bertolucci
67%
1935 Best Actress | 1938 Best Actress Bette Davis
67%
2010 Best Actress Movie Black Swan
67%
2013 Best Actress Movie Blue Jasmine
67%
1994 Best Actress Movie Blue Sky
67%
1972 Best Director Bob Fosse
67%
2019 Best Director Bong Joon-Ho
67%
1989 Best Director Movie Born on the Fourth of July
67%
2022 Best Actor Brendan Fraser
67%
2005 Best Director Movie Brokeback Mountain
67%
1960 Best Actress Movie BUtterfield 8
67%
1972 Best Actress Movie | 1972 Best Director Movie Cabaret
67%
2005 Best Actor Movie Capote
67%
1943 Best Director Movie | 1943 Best Picture Casablanca
67%
1965 Best Actor Movie Cat Ballou
67%
1981 Best Picture Chariots of Fire
67%
2003 Best Actress Charlize Theron
67%
1968 Best Actor Movie Charly
67%
1986 Best Actress Movie Children of a Lesser God
67%
2020 Best Director Chloé Zhao
67%
1934 Best Actor Clark Gable
67%
1968 Best Actor Cliff Robertson
67%
1980 Best Actress Movie Coal Miner's Daughter
67%
1978 Best Actor Movie | 1978 Best Actress Movie Coming Home
67%
2005 Best Picture Crash
67%
2016 Best Director Damien Chazelle
67%
2022 Best Director Daniel Kwan
67%
2022 Best Director 2 Daniel Scheinert
67%
1965 Best Actress Movie Darling
67%
1957 Best Director | 1962 Best Director David Lean
67%
1958 Best Actor David Niven
67%
1955 Best Director Delbert Mann
67%
2014 Best Actor Eddie Redmayne
67%
1947 Best Director | 1954 Best Director Elia Kazan
67%
1960 Best Actor Movie Elmer Gantry
67%
1992 Best Actress Emma Thompson
67%
1955 Best Actor Ernest Borgnine
67%
2022 Best Picture Everything Everywhere All At Once
67%
2022 Best Actress Movie | 2022 Best Director Movie Everything Everywhere All at Once
67%
1984 Best Actor F. Murray Abraham
67%
2006 Best Actor Forest Whitaker
67%
1934 Best Director | 1936 Best Director | 1938 Best Director Frank Capra
67%
1970 Best Director Franklin J. Schaffner
67%
1953 Best Director | 1966 Best Director Fred Zinnemann
67%
1953 Best Director Movie | 1953 Best Picture From Here to Eternity
67%
1941 Best Actor | 1952 Best Actor Gary Cooper
67%
1947 Best Director Movie | 1947 Best Picture Gentleman's Agreement
67%
1973 Best Director George Roy Hill
67%
1985 Best Actress Geraldine Page
67%
1956 Best Director Movie Giant
67%
1958 Best Director Movie | 1958 Best Picture Gigi
67%
1970 Best Actress | 1973 Best Actress Glenda Jackson
67%
1939 Best Director Movie | 1939 Best Picture Gone With the Wind
67%
1939 Best Actress Movie Gone with the Wind
67%
1967 Best Actress Movie Guess Who's Coming to Dinner
67%
2017 Best Director Guillermo Del Toro
67%
1998 Best Actress Gwyneth Paltrow
67%
2001 Best Actress Halle Berry
67%
1948 Best Actor Movie | 1948 Best Picture Hamlet
67%
1974 Best Actor Movie Harry and Tonto
67%
1993 Best Actress Holly Hunter
67%
1992 Best Actress Movie Howards End
67%
1963 Best Actress Movie Hud
67%
1951 Best Actor Humphrey Bogart
67%
1944 Best Actress | 1956 Best Actress Ingrid Bergman
67%
1958 Best Actress Movie I Want to Live!
67%
1973 Best Actor Jack Lemmon
67%
1942 Best Actor James Cagney
67%
1983 Best Director James L Brooks
67%
1940 Best Actor James Stewart
67%
2021 Best Director Jane Campion
67%
2025 Best Actress Jessie Buckley
67%
1945 Best Actress Joan Crawford
67%
1957 Best Actress Joanne Woodward
67%
2019 Best Actor Joaquin Phoenix
67%
1935 Best Director | 1940 Best Director | 1941 Best Director | 1952 Best Director John Ford
67%
1976 Best Director John G Avildsen
67%
1948 Best Director John Huston
67%
1969 Best Director John Schlesinger
67%
2019 Best Actor Movie Joker
67%
1991 Best Director Jonathan Demme
67%
1961 Best Actor Movie Judgment at Nuremberg
67%
2014 Best Actress Julianne Moore
67%
1933 Best Actress | 1967 Best Actress | 1968 Best Actress Katharine Hepburn
67%
1990 Best Actress Kathy Bates
67%
2021 Best Actor Movie King Richard
67%
1985 Best Actor Movie Kiss of the Spider Woman
67%
1971 Best Actress Movie Klute
67%
2016 Best Actress Movie | 2016 Best Director Movie La La Land
67%
1948 Best Actor Laurence Olivier
67%
2007 Best Actress Movie La Vie En Rose
67%
1962 Best Director Movie | 1962 Best Picture Lawrence of Arabia
67%
1995 Best Actor Movie Leaving Las Vegas
67%
1965 Best Actor Lee Marvin
67%
2012 Best Director Movie Life of Pi
67%
1963 Best Actor Movie Lilies of the Field
67%
1975 Best Actress Louise Fletcher
67%
1969 Best Actress Maggie Smith
67%
1955 Best Actor Movie | 1955 Best Director Movie | 1955 Best Picture Marty
67%
1964 Best Actress Movie Mary Poppins
67%
1961 Best Actor Maximilian Schell
67%
2025 Best Actor Michael B. Jordan
67%
1978 Best Director Michael Cimino
67%
2011 Best Director Michel Hazanavicius
67%
2022 Best Actress Michelle Yeoh
67%
1967 Best Director Mike Nichols
67%
2024 Best Actress Mikey Madison
67%
1990 Best Actress Movie Misery
67%
2003 Best Actress Movie Monster
67%
2001 Best Actress Movie Monster's Ball
67%
1987 Best Actress Movie Moonstruck
67%
1964 Best Actor Movie | 1964 Best Director Movie | 1964 Best Picture My Fair Lady
67%
2010 Best Actress Natalie Portman
67%
1995 Best Actor Nicholas Cage
67%
1979 Best Actress Movie Norma Rae
67%
1986 Best Director | 1989 Best Director Oliver Stone
67%
2025 Best Director Movie | 2025 Best Picture One Battle After Another
67%
1980 Best Director Movie | 1980 Best Picture Ordinary People
67%
1966 Best Actor Paul Scofield
67%
2025 Best Director Paul Thomas Anderson
67%
2005 Best Actor Philip Seymour Hoffman
67%
1984 Best Actress Movie Places in the Heart
67%
2023 Best Actress Movie Poor Things
67%
1980 Best Actor Movie Raging Bull
67%
2019 Best Actress Renee Zellweger
67%
1990 Best Actor Movie Reversal of Fortune
67%
1964 Best Actor Rex Harrison
67%
1982 Best Director Richard Attenborough
67%
1977 Best Actor Richard Dreyfuss
67%
1979 Best Director Robert Benton
67%
1998 Best Actor Roberto Benigni
67%
2001 Best Director Ron Howard
67%
1959 Best Actress Movie Room at the Top
67%
1999 Best Director Sam Mendes
67%
1973 Best Actor Movie Save the Tiger
67%
2024 Best Director Sean Baker
67%
1958 Best Actor Movie Separate Tables
67%
1996 Best Actor Movie Shine
67%
1983 Best Actress Shirley MacLaine
67%
1959 Best Actress Simone Signoret
67%
2025 Best Actor Movie Sinners
67%
1982 Best Actress Movie Sophie's Choice
67%
2015 Best Picture Spotlight
67%
2000 Best Director Steven Soderbergh
67%
2014 Best Actress Movie Still Alice
67%
1958 Best Actress Susan Hayward
67%
1985 Best Director Sydney Pollack
67%
1983 Best Actor Movie Tender Mercies
67%
1983 Best Actress Movie | 1983 Best Director Movie | 1983 Best Picture Terms of Endearment
67%
1988 Best Actress Movie The Accused
67%
1960 Best Director Movie | 1960 Best Picture The Apartment
67%
1957 Best Actor Movie | 1957 Best Director Movie | 1957 Best Picture The Bridge on the River Kwai
67%
1986 Best Actor Movie The Color of Money
67%
1954 Best Actress Movie The Country Girl
67%
1996 Best Director Movie | 1996 Best Picture The English Patient
67%
1977 Best Actor Movie The Goodbye Girl
67%
2002 Best Actress Movie The Hours
67%
1956 Best Actor Movie The King and I
67%
1987 Best Director Movie | 1987 Best Picture The Last Emperor
67%
2006 Best Actor Movie The Last King of Scotland
67%
1968 Best Actress Movie The Lion in Winter
67%
1962 Best Actress Movie The Miracle Worker
67%
2021 Best Director Movie The Power of the Dog
67%
1969 Best Actress Movie The Prime of Miss Jean Brodie
67%
2008 Best Actress Movie The Reader
67%
1955 Best Actress Movie The Rose Tattoo
67%
2014 Best Actor Movie The Theory of Everything
67%
1957 Best Actress Movie The Three Faces of Eve
67%
1985 Best Actress Movie The Trip to Bountiful
67%
2022 Best Actor Movie The Whale
67%
2010 Best Director Tom Hooper
67%
1963 Best Director Movie | 1963 Best Picture Tom Jones
67%
2000 Best Director Movie Traffic
67%
1969 Best Actor Movie True Grit
67%
1961 Best Actress Movie Two Women
67%
1958 Best Director Vincente Minnelli
67%
1971 Best Director William Friedkin
67%
1985 Best Actor William Hurt
67%
1942 Best Director | 1946 Best Director | 1959 Best Director William Wyler
67%
2021 Best Actor Will Smith
67%
1928 Best Picture Wings
67%
1970 Best Actress Movie Women in Love
67%
1956 Best Actor Yul Brynner
67%
1928 Best Director Movie | 1929 Best Actress Movie 7th Heaven
33%
1931 Best Actor Movie A Free Soul
33%
1949 Best Director Movie A Letter to Three Wives
33%
1949 Best Actor Movie | 1949 Best Picture All the King's Men
33%
1951 Best Picture An American in Paris
33%
1956 Best Actress Movie Anastasia
33%
1951 Best Director Movie A Place in the Sun
33%
1956 Best Picture Around the World in 80 Days
33%
1932 Best Director Movie Bad Girl
33%
1944 Best Actor Bing Crosby
33%
1950 Best Actress Movie Born Yesterday
33%
1938 Best Actor Movie Boys Town
33%
1949 Best Actor Broderick Crawford
33%
1937 Best Actor Movie Captains Courageous
33%
1968 Best Director Carol Reed
33%
1933 Best Director Movie | 1933 Best Picture Cavalcade
33%
1933 Best Actor Charles Laughton
33%
1931 Best Picture Cimarron
33%
1934 Best Actress Claudette Colbert
33%
1952 Best Actress Movie Come Back, Little Sheba
33%
1929 Best Actress Movie Coquette
33%
1950 Best Actor Movie Cyrano De Bergerac
33%
1935 Best Actress Movie Dangerous
33%
1930 Best Actor Movie Disraeli
33%
1932 Best Actor Movie Dr. Jekyll and Mr. Hyde
33%
1928 Best Actor Emil Jannings
33%
1928 Best Director | 1932 Best Director Frank Borzage
33%
1929 Best Director | 1933 Best Director Frank Lloyd
33%
1932 Best Actor | 1946 Best Actor Fredric March
33%
1944 Best Actress Movie Gaslight
33%
1930 Best Actor George Arliss
33%
1964 Best Director George Cukor
33%
1951 Best Director | 1956 Best Director George Stevens
33%
1940 Best Actress Ginger Rogers
33%
1944 Best Actor Movie | 1944 Best Director Movie | 1944 Best Picture Going My Way
33%
1939 Best Actor Movie Goodbye, Mr. Chips
33%
1932 Best Picture Grand Hotel
33%
1942 Best Actress Greer Garson
33%
1932 Best Actress Helen Hayes
33%
1952 Best Actor Movie High Noon
33%
1941 Best Director Movie | 1941 Best Picture How Green Was My Valley
33%
1929 Best Actor Movie In Old Arizona
33%
1934 Best Actor Movie | 1934 Best Actress Movie | 1934 Best Director Movie | 1934 Best Picture It Happened One Night
33%
1928 Best Actress Janet Gaynor
33%
1948 Best Actress Jane Wyman
33%
1943 Best Actress Jennifer Jones
33%
1961 Best Director 2 Jerome Robbins
33%
1938 Best Actress Movie Jezebel
33%
1941 Best Actress Joan Fontaine
33%
1948 Best Actress Movie Johnny Belinda
33%
1950 Best Actor José Ferrer
33%
1949 Best Director | 1950 Best Director Joseph L. Mankiewicz
33%
1950 Best Actress Judy Holliday
33%
1965 Best Actress Julie Christie
33%
1940 Best Actress Movie Kitty Foyle
33%
1937 Best Director | 1944 Best Director Leo McCarey
33%
1928 Best Director 2 | 1930 Best Director Lewis Milestone
33%
1931 Best Actor Lionel Barrymore
33%
1947 Best Actress Loretta Young
33%
1936 Best Actress | 1937 Best Actress Luise Rainer
33%
1931 Best Actress Marie Dressler
33%
1929 Best Actress Mary Pickford
33%
1943 Best Director Michael Curtiz
33%
1945 Best Actress Movie Mildred Pierce
33%
1931 Best Actress Movie Min and Bill
33%
1933 Best Actress Movie Morning Glory
33%
1936 Best Director Movie Mr. Deeds Goes to Town
33%
1942 Best Actress Movie | 1942 Best Director Movie | 1942 Best Picture Mrs. Miniver
33%
1935 Best Picture Mutiny on the Bounty
33%
1931 Best Director Norman Taurog
33%
1930 Best Actress Norma Shearer
33%
1946 Best Actress | 1949 Best Actress Olivia de Havilland
33%
1963 Best Actress Patricia Neal
33%
1943 Best Actor Paul Lukas
33%
1936 Best Actor Paul Muni
33%
1945 Best Actor Ray Milland
33%
1940 Best Picture Rebecca
33%
1939 Best Actor Robert Donat
33%
1961 Best Director | 1965 Best Director Robert Wise
33%
1953 Best Actress Movie Roman Holiday
33%
1947 Best Actor Ronald Colman
33%
1941 Best Actor Movie Sergeant York
33%
1952 Best Actress Shirley Booth
33%
1931 Best Director Movie Skippy
33%
1937 Best Actor | 1938 Best Actor Spencer Tracy
33%
1953 Best Actor Movie Stalag 17
33%
1929 Best Actress Movie 2 Street Angel
33%
1928 Best Actress Movie 3 Sunrise: A Song of Two Humans
33%
1941 Best Actress Movie Suspicion
33%
1951 Best Actor Movie The African Queen
33%
1937 Best Director Movie Movie The Awful Truth
33%
1946 Best Actor Movie | 1946 Best Director Movie | 1946 Best Picture The Best Years of Our Lives
33%
1929 Best Picture The Broadway Melody
33%
1932 Best Actor Movie The Champ
33%
1929 Best Director Movie The Divine Lady
33%
1930 Best Actress Movie The Divorcee
33%
1947 Best Actress Movie The Farmer's Daughter
33%
1937 Best Actress Movie The Good Earth
33%
1940 Best Director Movie The Grapes of Wrath
33%
1952 Best Picture The Greatest Show on Earth
33%
1936 Best Actress Movie | 1936 Best Picture The Great Ziegfeld
33%
1949 Best Actress Movie The Heiress
33%
1935 Best Actor Movie | 1935 Best Director Movie The Informer
33%
1928 Best Actor Movie 2 The Last Command
33%
1937 Best Picture The Life of Emile Zola
33%
1945 Best Actor Movie | 1945 Best Director Movie | 1945 Best Picture The Lost Weekend
33%
1940 Best Actor Movie The Philadelphia Story
33%
1933 Best Actor Movie The Private Life of Henry VIII
33%
1952 Best Director Movie The Quiet Man
33%
1932 Best Actress Movie The Sin of Madelon Claudet
33%
1943 Best Actress Movie The Song of Bernadette
33%
1936 Best Actor Movie The Story of Louis Pasteur
33%
1948 Best Director Movie The Treasure of the Sierra Madre
33%
1928 Best Actor Movie 2 The Way of All Flesh
33%
1946 Best Actress Movie To Each His Own
33%
1963 Best Director Tony Richardson
33%
1928 Best Director Movie 2 Two Arabian Knights
33%
1939 Best Director Victor Fleming
33%
1935 Best Actor Victor McLaglen
33%
1939 Best Actress | 1951 Best Actress Vivien Leigh
33%
1932 Best Actor 2 Wallace Beery
33%
1929 Best Actor Warner Baxter
33%
1943 Best Actor Movie Watch on the Rhine
33%
1953 Best Actor William Holden
33%
1942 Best Actor Movie Yankee Doodle Dandy
33%
1938 Best Director Movie | 1938 Best Picture You Can't Take it With You
33%
No matching quizzes found
Score Distribution
Percent of People with Each Score
Percentile by Number Answered
Your Score History
You have not taken this quiz